000 00297nam a22001337a 4500
008 171003b xxu||||| |||| 00| 0 eng d
020 _a0721641040
041 _aeng
080 _a159.9
100 _a48
101 _aPSI
245 _aINTRODUCTORY HEARING SCIENCE
_cGERBER,S.E
942 _2udc
_cBK
999 _c31360
_d31360